[Event "Eurasia Open Cup 2019"]
[Site "Ekaterinburg"]
[Date "2019.08.08"]
[Round "8.25"]
[White "Novikov, Evgenij"]
[Black "Popov, Mikhail"]
[Result "1/2-1/2"]
[WhiteElo "2164"]
[BlackElo "2397"]
[Annotator "NA"]
[PlyCount "81"]
[EventDate "2019.07.31"]
[EventType "swiss"]
[EventCountry "RUS"]
[SourceTitle "playchess.com"]
[Source "ChessBase"]
[SourceQuality "1"]
[TimeControl "5400+30"]

1. d4 {[%emt 0:00:00]} g6 {[%emt 0:04:36]} 2. Nf3 {[%emt 0:00:59]} Bg7 {[%emt 0:00:36]} 3. c4 {[%emt 0:00:10]} Nf6 {[%emt 0:00:23]} 4. Nc3 {[%emt 0:00:05]} O-O {[%emt 0:00:26]} 5. e4 {[%emt 0:00:06]} d6 {[%emt 0:00:06]} 6. Be2 {[%emt 0:00:44]} Na6 {[%emt 0:00:21]} 7. O-O {[%emt 0:08:29]} e5 {[%emt 0:00:15]} 8. dxe5 {[%emt 0:00:33]} dxe5 {[%emt 0:00:07]} 9. Qxd8 {[%emt 0:00:02]} Rxd8 {[%emt 0:00:06]} 10. Bg5 {[%emt 0:00:09]} Re8 {[%emt 0:05:12]} 11. Ne1 {[%emt 0:01:44]} Nc5 {[%emt 0:04:15]} 12. f3 {[%emt 0:00:14]} Ne6 {[%emt 0:01:32]} 13. Be3 {[%emt 0:00:05]} c6 {[%emt 0:02:25]} 14. Nc2 {[%emt 0:02:59]} Nf4 {[%emt 0:10:06]} 15. Rfd1 {[%emt 0:03:06]} Nxe2+ {[%emt 0:02:19]} 16. Nxe2 {[%emt 0:00:04]} Be6 {[%emt 0:00:00]} 17. b3 {[%emt 0:00:28]} Nh5 {[%emt 0:02:45]} 18. g4 {[%emt 0:09:12]} Nf4 {[%emt 0:06:09]} 19. Nxf4 {[%emt 0:01:01]} exf4 {[%emt 0:00:00]} 20. Bd4 {[%emt 0:00:00]} f6 {[%emt 0:00:34]} 21. Ne1 {[%emt 0:09:41]} Red8 {[%emt 0:16:54]} 22. Bc3 {[%emt 0:01:10]} b6 {[%emt 0:06:46]} 23. Nd3 {[%emt 0:00:43]} g5 {[%emt 0:01:14]} 24. Nb4 {[%emt 0:01:09]} Bd7 {[%emt 0:03:06]} 25. Rd2 {[%emt 0:16:58]} Be8 {[%emt 0:04:16]} 26. Rad1 {[%emt 0:00:36]} Rxd2 {[%emt 0:00:07]} 27. Rxd2 {[%emt 0:00:03]} a5 {[%emt 0:04:38]} 28. Nc2 {[%emt 0:00:00]} h5 {[%emt 0:01:03]} 29. h3 {[%emt 0:00:23]} hxg4 {[%emt 0:00:28]} 30. hxg4 {[%emt 0:00:00]} Kf7 {[%emt 0:05:55]} 31. Kf1 {[%emt 0:00:11]} b5 {[%emt 0:03:16]} 32. Nd4 {[%emt 0:02:42]} b4 {[%emt 0:01:06]} 33. Bb2 {[%emt 0:00:05]} Rd8 {[%emt 0:00:00]} 34. Bc1 {[%emt 0:01:34]} Bf8 {[%emt 0:02:43]} 35. Nf5 {[%emt 0:01:17]} Rxd2 {[%emt 0:00:28]} 36. Bxd2 {[%emt 0:00:33]} c5 {[%emt 0:00:21]} 37. Ke2 {[%emt 0:00:00]} a4 {[%emt 0:00:44]} 38. Kd3 {[%emt 0:00:40]} a3 {[%emt 0:00:32]} 39. Be1 {[%emt 0:00:00]} Ke6 {[%emt 0:01:07]} 40. Bf2 {[%emt 0:00:34]} Bc6 {[%emt 0:01:07]} 41. Bg1 {[%emt 0:00:34]} 1/2-1/2

[Event "Eurasia Open Cup 2019"]
[Site "Ekaterinburg"]
[Date "2019.08.08"]
[Round "8.26"]
[White "Kotlyar, Kirill"]
[Black "Averyanov, Grigori"]
[Result "1-0"]
[WhiteElo "2387"]
[BlackElo "2131"]
[Annotator "NA"]
[PlyCount "103"]
[EventDate "2019.07.31"]
[EventType "swiss"]
[EventCountry "RUS"]
[SourceTitle "playchess.com"]
[Source "ChessBase"]
[SourceQuality "1"]
[TimeControl "5400+30"]

1. Nf3 {[%emt 0:05:33]} Nf6 {[%emt 0:00:00]} 2. d4 {[%emt 0:00:06]} e6 {[%emt 0:00:00]} 3. c4 {[%emt 0:00:30]} Bb4+ {[%emt 0:00:00]} 4. Nbd2 {[%emt 0:01:01]} d5 {[%emt 0:00:00]} 5. Qa4+ {[%emt 0:03:43]} Nc6 {[%emt 0:00:02]} 6. Ne5 {[%emt 0:03:05]} Bd7 {[%emt 0:08:39]} 7. Nxd7 {[%emt 0:11:51]} Qxd7 {[%emt 0:01:01]} 8. e3 {[%emt 0:00:38]} Ne4 {[%emt 0:04:13]} 9. Qc2 {[%emt 0:03:00]} O-O-O {[%emt 0:13:11]} 10. Bd3 {[%emt 0:29:02]} Bxd2+ {[%emt 0:00:39]} 11. Bxd2 {[%emt 0:00:40]} Nxd2 {[%emt 0:00:02]} 12. Qxd2 {[%emt 0:00:39]} e5 {[%emt 0:01:41]} 13. O-O {[%emt 0:00:30]} exd4 {[%emt 0:01:56]} 14. exd4 {[%emt 0:00:34]} dxc4 {[%emt 0:00:28]} 15. Bxc4 {[%emt 0:00:05]} Nxd4 {[%emt 0:01:14]} 16. Qa5 {[%emt 0:01:58]} Kb8 {[%emt 0:00:32]} 17. Rfd1 {[%emt 0:00:40]} Qg4 {[%emt 0:01:56]} 18. Rdc1 {[%emt 0:02:15]} Nc2 {[%emt 0:16:14]} 19. Bd5 {[%emt 0:08:18]} Qf5 {[%emt 0:08:59]} 20. Qc3 {[%emt 0:00:07]} Rxd5 {[%emt 0:03:59]} 21. Rxc2 {[%emt 0:00:17]} Qd7 {[%emt 0:00:13]} 22. Re2 {[%emt 0:01:20]} f6 {[%emt 0:02:40]} 23. Rae1 {[%emt 0:00:37]} Rd1 {[%emt 0:00:17]} 24. Rxd1 {[%emt 0:00:00]} Qxd1+ {[%emt 0:00:32]} 25. Re1 {[%emt 0:00:00]} Qd7 {[%emt 0:00:00]} 26. Qe3 {[%emt 0:00:41]} Rd8 {[%emt 0:00:25]} 27. h4 {[%emt 0:00:40]} a6 {[%emt 0:00:14]} 28. Qe7 {[%emt 0:00:15]} Qd2 {[%emt 0:04:34]} 29. Re2 {[%emt 0:01:31]} Qc1+ {[%emt 0:00:38]} 30. Kh2 {[%emt 0:00:31]} Rd4 {[%emt 0:02:58]} 31. g3 {[%emt 0:00:14]} Rd1 {[%emt 0:02:22]} 32. Qxg7 {[%emt 0:01:46]} Rh1+ {[%emt 0:01:39]} 33. Kg2 {[%emt 0:00:05]} Qc6+ {[%emt 0:00:02]} 34. Re4 {[%emt 0:03:20]} Rxh4 {[%emt 0:07:47]} 35. gxh4 {[%emt 0:00:17]} Qxe4+ {[%emt 0:00:07]} 36. Kg3 {[%emt 0:00:12]} Qg6+ {[%emt 0:00:55]} 37. Qxg6 {[%emt 0:00:07]} hxg6 {[%emt 0:00:30]} 38. Kg4 {[%emt 0:00:49]} Kc8 {[%emt 0:00:00]} 39. f4 {[%emt 0:00:39]} Kd7 {[%emt 0:00:05]} 40. f5 {[%emt 0:00:00]} g5 {[%emt 0:04:23]} 41. hxg5 {[%emt 0:00:14]} fxg5 {[%emt 0:00:01]} 42. Kxg5 {[%emt 0:00:07]} Ke7 {[%emt 0:00:02]} 43. Kg6 {[%emt 0:02:57]} Kf8 {[%emt 0:00:31]} 44. a4 {[%emt 0:03:20]} b6 {[%emt 0:00:06]} 45. Kf6 {[%emt 0:01:03]} c5 {[%emt 0:00:07]} 46. Ke6 {[%emt 0:00:10]} b5 {[%emt 0:00:03]} 47. axb5 {[%emt 0:00:38]} axb5 {[%emt 0:00:30]} 48. Kd5 {[%emt 0:00:00]} c4 {[%emt 0:00:00]} 49. Kc5 {[%emt 0:00:00]} Ke7 {[%emt 0:00:00]} 50. Kxb5 {[%emt 0:00:00]} Kf6 {[%emt 0:00:11]} 51. Kxc4 {[%emt 0:00:00]} Kxf5 {[%emt 0:00:02]} 52. Kd5 {[%emt 0:00:01]} 1-0

[Event "Eurasia Open Cup 2019"]
[Site "Ekaterinburg"]
[Date "2019.08.08"]
[Round "8.27"]
[White "Vokhidov, Shamsiddin"]
[Black "Tyurin, Ilya"]
[Result "1-0"]
[WhiteElo "2515"]
[BlackElo "2168"]
[Annotator "ChessBase"]
[PlyCount "106"]
[EventDate "2019.07.31"]
[EventType "swiss"]
[EventCountry "RUS"]
[SourceTitle "playchess.com"]
[Source "ChessBase"]
[SourceQuality "1"]
[TimeControl "5400+30"]

1. e4 {[%emt 0:00:00]} e6 {[%emt 0:00:00]} 2. Qe2 {[%emt 0:01:24]} c5 {[%emt 0:00:00]} 3. Nf3 {[%emt 0:00:49]} Nc6 {[%emt 0:00:00]} 4. g3 {[%emt 0:00:05]} Nge7 {[%emt 0:09:15]} 5. Bg2 {[%emt 0:05:51]} g6 {[%emt 0:06:06]} 6. O-O {[%emt 0:00:59]} Bg7 {[%emt 0:01:02]} 7. c3 {[%emt 0:00:05]} O-O {[%emt 0:03:29]} 8. d3 {[%emt 0:00:04]} d5 {[%emt 0:05:43]} 9. e5 {[%emt 0:01:25]} Nf5 {[%emt 0:23:09]} 10. Bf4 {[%emt 0:09:48]} f6 {[%emt 0:02:06]} 11. exf6 {[%emt 0:02:02]} Bxf6 {[%emt 0:07:46]} 12. Re1 {[%emt 0:00:00]} g5 {[%emt 0:02:48]} 13. Be5 {[%emt 0:00:00]} Bd7 {[%emt 0:06:35]} 14. Nbd2 {[%emt 0:02:03]} g4 {[%emt 0:00:41]} 15. Bxf6 {[%emt 0:00:00]} Qxf6 {[%emt 0:00:04]} 16. Ne5 {[%emt 0:00:00]} Nxe5 {[%emt 0:00:41]} 17. Qxe5 {[%emt 0:00:00]} Ng7 {[%emt 0:07:05]} 18. f3 {[%emt 0:01:24]} h5 {[%emt 0:04:51]} 19. Qd6 {[%emt 0:06:33]} Bb5 {[%emt 0:01:03]} 20. Qxc5 {[%emt 0:00:31]} Bxd3 {[%emt 0:00:50]} 21. f4 {[%emt 0:00:32]} Bf5 {[%emt 0:02:23]} 22. Nb3 {[%emt 0:00:40]} Rfc8 {[%emt 0:07:56]} 23. Qb5 {[%emt 0:01:21]} Ne8 {[%emt 0:03:00]} 24. Nd4 {[%emt 0:01:35]} Nd6 {[%emt 0:00:11]} 25. Qb4 {[%emt 0:00:05]} Ne4 {[%emt 0:00:45]} 26. Rad1 {[%emt 0:00:10]} Bg6 {[%emt 0:02:44]} 27. f5 {[%emt 0:06:17]} exf5 {[%emt 0:00:26]} 28. Qxb7 {[%emt 0:00:09]} Rd8 {[%emt 0:00:45]} 29. Nc6 {[%emt 0:00:00]} Re8 {[%emt 0:00:07]} 30. Nb4 {[%emt 0:00:10]} Qb6+ {[%emt 0:01:13]} 31. Qxb6 {[%emt 0:00:05]} axb6 {[%emt 0:00:31]} 32. Nxd5 {[%emt 0:00:14]} Re5 {[%emt 0:00:51]} 33. a3 {[%emt 0:00:28]} b5 {[%emt 0:00:33]} 34. Rd4 {[%emt 0:00:46]} Kg7 {[%emt 0:00:03]} 35. Nf4 {[%emt 0:00:08]} Rae8 {[%emt 0:00:25]} 36. Rd7+ {[%emt 0:00:38]} R8e7 {[%emt 0:00:45]} 37. Rxe7+ {[%emt 0:00:20]} Rxe7 {[%emt 0:00:01]} 38. Bxe4 {[%emt 0:00:00]} Bf7 {[%emt 0:01:30]} 39. Kf2 {[%emt 0:00:04]} fxe4 {[%emt 0:00:04]} 40. Ke3 {[%emt 0:00:02]} Rd7 {[%emt 0:00:53]} 41. Rf1 {[%emt 0:00:16]} Bc4 {[%emt 0:00:51]} 42. Rf2 {[%emt 0:00:09]} Kh6 {[%emt 0:01:16]} 43. Rd2 {[%emt 0:00:12]} Bd3 {[%emt 0:00:01]} 44. Nxd3 {[%emt 0:00:11]} exd3 {[%emt 0:00:02]} 45. Rxd3 {[%emt 0:00:04]} Re7+ {[%emt 0:00:05]} 46. Kd2 {[%emt 0:00:50]} Re5 {[%emt 0:00:15]} 47. b3 {[%emt 0:00:45]} Rc5 {[%emt 0:00:55]} 48. Rd4 {[%emt 0:00:19]} Rf5 {[%emt 0:00:33]} 49. Rf4 {[%emt 0:00:47]} Re5 {[%emt 0:00:40]} 50. c4 {[%emt 0:01:13]} bxc4 {[%emt 0:00:00]} 51. Rxc4 {[%emt 0:00:00]} Rf5 {[%emt 0:00:52]} 52. Rf4 {[%emt 0:00:39]} Ra5 {[%emt 0:00:50]} 53. a4 {[%emt 0:00:00]} Rd5+ {[%emt 0:00:37]} 1-0

[Event "Eurasia Open Cup 2019"]
[Site "Ekaterinburg"]
[Date "2019.08.08"]
[Round "8.28"]
[White "Kostenko, Petr"]
[Black "Iljushina, Olga"]
[Result "1-0"]
[WhiteElo "2471"]
[BlackElo "2208"]
[Annotator "ChessBase"]
[PlyCount "69"]
[EventDate "2019.07.31"]
[EventType "swiss"]
[EventCountry "RUS"]
[SourceTitle "playchess.com"]
[Source "ChessBase"]
[SourceQuality "1"]
[TimeControl "5400+30"]

1. Nf3 {[%emt 0:00:00]} c5 {[%emt 0:00:00]} 2. e3 {[%emt 0:00:00]} d5 {[%emt 0:00:41]} 3. b3 {[%emt 0:00:00]} Nc6 {[%emt 0:01:01]} 4. Bb2 {[%emt 0:00:00]} Qc7 {[%emt 0:00:43]} 5. c4 {[%emt 0:00:00]} e6 {[%emt 0:02:25]} 6. Be2 {[%emt 0:01:50]} dxc4 {[%emt 0:01:58]} 7. bxc4 {[%emt 0:00:48]} Nf6 {[%emt 0:00:58]} 8. Nc3 {[%emt 0:00:44]} Be7 {[%emt 0:00:57]} 9. Qc2 {[%emt 0:01:25]} O-O {[%emt 0:01:02]} 10. h4 {[%emt 0:03:55]} Rd8 {[%emt 0:09:12]} 11. a3 {[%emt 0:00:17]} Qd7 {[%emt 0:02:08]} 12. O-O-O {[%emt 0:18:59]} e5 {[%emt 0:04:29]} 13. Ng5 {[%emt 0:04:39]} Qf5 {[%emt 0:03:15]} 14. Nce4 {[%emt 0:02:09]} Nxe4 {[%emt 0:05:58]} 15. Nxe4 {[%emt 0:00:05]} h6 {[%emt 0:15:09]} 16. g4 {[%emt 0:00:15]} Qg6 {[%emt 0:01:41]} 17. Rdg1 {[%emt 0:00:25]} b5 {[%emt 0:06:52]} 18. cxb5 {[%emt 0:08:35]} Na5 {[%emt 0:00:54]} 19. Bc3 {[%emt 0:05:20]} Bb7 {[%emt 0:03:23]} 20. f3 {[%emt 0:00:39]} Bxe4 {[%emt 0:06:14]} 21. Qxe4 {[%emt 0:08:55]} Qb6 {[%emt 0:00:42]} 22. g5 {[%emt 0:02:41]} c4 {[%emt 0:06:49]} 23. gxh6 {[%emt 0:06:06]} Bxa3+ {[%emt 0:07:08]} 24. Kd1 {[%emt 0:00:14]} Bf8 {[%emt 0:01:34]} 25. Qxe5 {[%emt 0:03:58]} f6 {[%emt 0:03:20]} 26. Qe4 {[%emt 0:02:47]} Qxb5 {[%emt 0:02:36]} 27. Rxg7+ {[%emt 0:02:10]} Bxg7 {[%emt 0:00:34]} 28. Rg1 {[%emt 0:00:35]} Rd7 {[%emt 0:03:56]} 29. Bxa5 {[%emt 0:00:30]} Rc8 {[%emt 0:02:33]} 30. Bc3 {[%emt 0:00:00]} f5 {[%emt 0:05:32]} 31. Qe6+ {[%emt 0:01:34]} Kh7 {[%emt 0:00:34]} 32. Qg6+ {[%emt 0:00:08]} Kg8 {[%emt 0:00:14]} 33. h7+ {[%emt 0:00:00]} Kf8 {[%emt 0:00:40]} 34. Bxg7+ {[%emt 0:00:00]} Ke7 {[%emt 0:00:00]} 35. Qf6+ {[%emt 0:00:00]} 1-0

[Event "Eurasia Open Cup 2019"]
[Site "Ekaterinburg"]
[Date "2019.08.08"]
[Round "8.29"]
[White "Kopylov, Alexander A."]
[Black "Fokin, Sergey"]
[Result "1-0"]
[WhiteElo "2410"]
[BlackElo "2189"]
[Annotator "NA"]
[PlyCount "64"]
[EventDate "2019.07.31"]
[EventType "swiss"]
[EventCountry "RUS"]
[SourceTitle "playchess.com"]
[Source "ChessBase"]
[SourceQuality "1"]
[TimeControl "5400+30"]

1. d4 {[%emt 0:00:00]} Nf6 {[%emt 0:00:00]} 2. g3 {[%emt 0:00:00]} d5 {[%emt 0:00:00]} 3. c4 {[%emt 0:00:00]} c6 {[%emt 0:00:00]} 4. Nf3 {[%emt 0:00:00]} g6 {[%emt 0:01:45]} 5. Qa4 {[%emt 0:00:09]} dxc4 {[%emt 0:02:09]} 6. Qxc4 {[%emt 0:00:14]} Bg7 {[%emt 0:00:04]} 7. Bg2 {[%emt 0:00:46]} O-O {[%emt 0:00:05]} 8. O-O {[%emt 0:00:00]} Bf5 {[%emt 0:01:05]} 9. e3 {[%emt 0:00:43]} Nbd7 {[%emt 0:00:24]} 10. Nc3 {[%emt 0:05:47]} Ne4 {[%emt 0:08:26]} 11. Nh4 {[%emt 0:01:14]} Nd6 {[%emt 0:01:07]} 12. Qe2 {[%emt 0:00:21]} e5 {[%emt 0:01:04]} 13. dxe5 {[%emt 0:08:05]} Nxe5 {[%emt 0:01:08]} 14. Nxf5 {[%emt 0:00:00]} Nxf5 {[%emt 0:00:09]} 15. Rd1 {[%emt 0:00:08]} Qe7 {[%emt 0:01:54]} 16. e4 {[%emt 0:09:04]} Nh6 {[%emt 0:04:06]} 17. h3 {[%emt 0:00:49]} Rfd8 {[%emt 0:10:34]} 18. Be3 {[%emt 0:00:43]} Nd7 {[%emt 0:03:40]} 19. f4 {[%emt 0:14:05]} Nb6 {[%emt 0:11:14]} 20. g4 {[%emt 0:05:33]} f6 {[%emt 0:01:18]} 21. a4 {[%emt 0:03:41]} Rxd1+ {[%emt 0:06:11]} 22. Rxd1 {[%emt 0:00:17]} Qe6 {[%emt 0:09:16]} 23. Bf1 {[%emt 0:07:09]} Nf7 {[%emt 0:10:46]} 24. a5 {[%emt 0:00:40]} Nc8 {[%emt 0:00:10]} 25. Qc4 {[%emt 0:00:32]} Qe8 {[%emt 0:00:26]} 26. b4 {[%emt 0:16:29]} Bf8 {[%emt 0:00:36]} 27. e5 {[%emt 0:02:31]} fxe5 {[%emt 0:00:26]} 28. Ne4 {[%emt 0:00:10]} Kh8 {[%emt 0:03:52]} 29. Nf6 {[%emt 0:03:19]} Qe7 {[%emt 0:00:27]} 30. Rd7 {[%emt 0:00:11]} Qxf6 {[%emt 0:00:05]} 31. Rxf7 {[%emt 0:00:21]} Qd8 {[%emt 0:00:06]} 32. fxe5 {[%emt 0:00:21]} Bg7 {[%emt 0:00:44]} 1-0

[Event "Eurasia Open Cup 2019"]
[Site "Ekaterinburg"]
[Date "2019.08.08"]
[Round "8.30"]
[White "Navrodskiy, Boris"]
[Black "Bivol, Alina"]
[Result "0-1"]
[WhiteElo "2223"]
[BlackElo "2391"]
[Annotator "NA"]
[PlyCount "140"]
[EventDate "2019.07.31"]
[EventType "swiss"]
[EventCountry "RUS"]
[SourceTitle "playchess.com"]
[Source "ChessBase"]
[SourceQuality "1"]
[TimeControl "5400+30"]

1. d4 {[%emt 0:00:00]} Nf6 {[%emt 0:00:00]} 2. c4 {[%emt 0:00:00]} g6 {[%emt 0:00:00]} 3. Nc3 {[%emt 0:00:00]} d5 {[%emt 0:00:00]} 4. cxd5 {[%emt 0:00:00]} Nxd5 {[%emt 0:00:00]} 5. Bd2 {[%emt 0:00:00]} Nb6 {[%emt 0:00:01]} 6. Bg5 {[%emt 0:00:09]} Bg7 {[%emt 0:00:33]} 7. e3 {[%emt 0:00:00]} h6 {[%emt 0:01:02]} 8. Bh4 {[%emt 0:00:20]} c5 {[%emt 0:03:11]} 9. dxc5 {[%emt 0:00:25]} Bxc3+ {[%emt 0:03:45]} 10. bxc3 {[%emt 0:00:05]} Qxd1+ {[%emt 0:00:16]} 11. Rxd1 {[%emt 0:00:06]} N6d7 {[%emt 0:00:03]} 12. Bb5 {[%emt 0:00:36]} a6 {[%emt 0:03:11]} 13. Ba4 {[%emt 0:00:10]} Nc6 {[%emt 0:00:05]} 14. Rd5 {[%emt 0:00:27]} g5 {[%emt 0:01:26]} 15. Bg3 {[%emt 0:00:04]} Nf6 {[%emt 0:00:44]} 16. Bxc6+ {[%emt 0:28:48]} bxc6 {[%emt 0:00:01]} 17. Rd4 {[%emt 0:00:03]} Be6 {[%emt 0:14:11]} 18. c4 {[%emt 0:09:20]} Nd7 {[%emt 0:05:08]} 19. Nf3 {[%emt 0:01:47]} Ra7 {[%emt 0:03:26]} 20. O-O {[%emt 0:13:34]} Rb7 {[%emt 0:00:13]} 21. Ne5 {[%emt 0:00:25]} Nxe5 {[%emt 0:00:29]} 22. Bxe5 {[%emt 0:00:04]} f6 {[%emt 0:00:37]} 23. Bg3 {[%emt 0:00:05]} Kf7 {[%emt 0:00:56]} 24. Rc1 {[%emt 0:07:03]} Rb2 {[%emt 0:03:34]} 25. Ra1 {[%emt 0:01:11]} Rb7 {[%emt 0:06:33]} 26. Rc1 {[%emt 0:00:11]} Ra8 {[%emt 0:00:39]} 27. h4 {[%emt 0:12:22]} Rb2 {[%emt 0:00:32]} 28. Ra1 {[%emt 0:00:03]} Ra7 {[%emt 0:00:16]} 29. a4 {[%emt 0:00:54]} Rab7 {[%emt 0:00:39]} 30. a5 {[%emt 0:01:04]} Rc2 {[%emt 0:03:33]} 31. hxg5 {[%emt 0:02:36]} hxg5 {[%emt 0:00:36]} 32. Rdd1 {[%emt 0:01:29]} Rxc4 {[%emt 0:03:20]} 33. Rdc1 {[%emt 0:00:12]} Rcb4 {[%emt 0:01:06]} 34. Rc3 {[%emt 0:07:22]} Rd7 {[%emt 0:01:51]} 35. Rcc1 {[%emt 0:00:48]} Rb5 {[%emt 0:00:43]} 36. e4 {[%emt 0:02:41]} Rdb7 {[%emt 0:02:46]} 37. Rc2 {[%emt 0:01:49]} Rb4 {[%emt 0:00:26]} 38. f3 {[%emt 0:00:38]} g4 {[%emt 0:00:21]} 39. Be1 {[%emt 0:02:32]} Rd4 {[%emt 0:02:10]} 40. Rac1 {[%emt 0:00:00]} Rd3 {[%emt 0:02:45]} 41. Rc3 {[%emt 0:00:38]} Rd8 {[%emt 0:00:50]} 42. R3c2 {[%emt 0:00:05]} gxf3 {[%emt 0:02:21]} 43. gxf3 {[%emt 0:00:33]} Rb3 {[%emt 0:00:10]} 44. Kf2 {[%emt 0:00:51]} Rh8 {[%emt 0:00:27]} 45. Bc3 {[%emt 0:00:44]} Rh5 {[%emt 0:02:09]} 46. Kg2 {[%emt 0:06:52]} Rg5+ {[%emt 0:02:52]} 47. Kf2 {[%emt 0:00:28]} Rxc5 {[%emt 0:01:25]} 48. Bd2 {[%emt 0:00:36]} Rh5 {[%emt 0:00:42]} 49. Kg2 {[%emt 0:00:04]} c5 {[%emt 0:00:00]} 50. Rh1 {[%emt 0:01:54]} Rxh1 {[%emt 0:03:42]} 51. Kxh1 {[%emt 0:00:01]} Rd3 {[%emt 0:00:14]} 52. Kg1 {[%emt 0:02:36]} Bb3 {[%emt 0:02:50]} 53. Rc3 {[%emt 0:00:08]} Rxd2 {[%emt 0:00:00]} 54. Rxb3 {[%emt 0:00:35]} Ra2 {[%emt 0:00:00]} 55. Rb6 {[%emt 0:00:00]} Rxa5 {[%emt 0:00:23]} 56. Kf2 {[%emt 0:00:00]} Ke8 {[%emt 0:02:26]} 57. Kg3 {[%emt 0:01:14]} Kd7 {[%emt 0:00:39]} 58. Rb7+ {[%emt 0:00:00]} Kd6 {[%emt 0:00:05]} 59. Rb6+ {[%emt 0:00:03]} Kc7 {[%emt 0:00:00]} 60. Re6 {[%emt 0:00:42]} Kd7 {[%emt 0:00:01]} 61. Rb6 {[%emt 0:00:03]} Ra3 {[%emt 0:01:07]} 62. Kg4 {[%emt 0:01:00]} a5 {[%emt 0:00:00]} 63. f4 {[%emt 0:00:18]} c4 {[%emt 0:00:06]} 64. Kf5 {[%emt 0:01:17]} Rb3 {[%emt 0:01:04]} 65. Ra6 {[%emt 0:00:16]} Rb5+ {[%emt 0:00:50]} 66. e5 {[%emt 0:00:40]} c3 {[%emt 0:00:04]} 67. Ra7+ {[%emt 0:00:00]} Kc8 {[%emt 0:01:05]} 68. Ra8+ {[%emt 0:01:58]} Kb7 {[%emt 0:00:10]} 69. Re8 {[%emt 0:00:16]} c2 {[%emt 0:00:00]} 70. Rxe7+ {[%emt 0:00:00]} Kc8 {[%emt 0:00:59]} 0-1

[Event "Eurasia Open Cup 2019"]
[Site "Ekaterinburg"]
[Date "2019.08.08"]
[Round "8.31"]
[White "Polosin, Evgeni"]
[Black "Dilmukhametov, Artur"]
[Result "1-0"]
[WhiteElo "2153"]
[BlackElo "2346"]
[Annotator "NA"]
[PlyCount "89"]
[EventDate "2019.07.31"]
[EventType "swiss"]
[EventCountry "RUS"]
[SourceTitle "playchess.com"]
[Source "ChessBase"]
[SourceQuality "1"]
[TimeControl "5400+30"]

1. e4 {[%emt 0:14:08]} e6 {[%emt 0:00:00]} 2. d4 {[%emt 0:00:03]} d5 {[%emt 0:00:00]} 3. Nd2 {[%emt 0:00:03]} Nf6 {[%emt 0:00:00]} 4. Bd3 {[%emt 0:04:38]} c5 {[%emt 0:00:00]} 5. e5 {[%emt 0:00:51]} Nfd7 {[%emt 0:00:00]} 6. c3 {[%emt 0:00:07]} Nc6 {[%emt 0:00:00]} 7. Ne2 {[%emt 0:00:21]} cxd4 {[%emt 0:00:11]} 8. cxd4 {[%emt 0:00:34]} f6 {[%emt 0:00:07]} 9. exf6 {[%emt 0:00:14]} Nxf6 {[%emt 0:01:38]} 10. Nf3 {[%emt 0:01:24]} Bd6 {[%emt 0:00:04]} 11. O-O {[%emt 0:01:42]} O-O {[%emt 0:00:06]} 12. Ng3 {[%emt 0:08:56]} Bd7 {[%emt 0:07:52]} 13. a3 {[%emt 0:00:10]} a5 {[%emt 0:15:48]} 14. Bc2 {[%emt 0:01:38]} Qb6 {[%emt 0:03:26]} 15. Bg5 {[%emt 0:15:31]} Ne7 {[%emt 0:20:02]} 16. Ne5 {[%emt 0:04:00]} Bb5 {[%emt 0:06:37]} 17. Re1 {[%emt 0:07:53]} a4 {[%emt 0:09:53]} 18. Nh5 {[%emt 0:24:23]} Bxe5 {[%emt 0:13:53]} 19. Rxe5 {[%emt 0:00:27]} Ng6 {[%emt 0:00:59]} 20. Bxf6 {[%emt 0:00:30]} gxf6 {[%emt 0:00:06]} 21. Bxg6 {[%emt 0:02:19]} hxg6 {[%emt 0:02:05]} 22. Qg4 {[%emt 0:00:28]} Kf7 {[%emt 0:00:16]} 23. Nf4 {[%emt 0:00:06]} Rg8 {[%emt 0:05:07]} 24. Rxe6 {[%emt 0:01:14]} Qd8 {[%emt 0:01:00]} 25. Re3 {[%emt 0:03:57]} Qd6 {[%emt 0:02:01]} 26. Qf3 {[%emt 0:01:03]} Rge8 {[%emt 0:06:34]} 27. Qxd5+ {[%emt 0:00:38]} Qxd5 {[%emt 0:00:00]} 28. Nxd5 {[%emt 0:00:04]} Rad8 {[%emt 0:00:15]} 29. Nc3 {[%emt 0:00:31]} Bc4 {[%emt 0:00:58]} 30. Rae1 {[%emt 0:00:52]} Rxe3 {[%emt 0:00:00]} 31. fxe3 {[%emt 0:00:01]} b5 {[%emt 0:00:00]} 32. Rd1 {[%emt 0:00:25]} f5 {[%emt 0:00:55]} 33. Kf2 {[%emt 0:00:10]} Rb8 {[%emt 0:00:36]} 34. Rd2 {[%emt 0:00:21]} Bb3 {[%emt 0:00:25]} 35. e4 {[%emt 0:01:23]} fxe4 {[%emt 0:00:53]} 36. Nxe4 {[%emt 0:00:04]} b4 {[%emt 0:00:07]} 37. axb4 {[%emt 0:00:21]} Rxb4 {[%emt 0:00:04]} 38. Ke3 {[%emt 0:00:09]} Ke6 {[%emt 0:00:35]} 39. Nc3 {[%emt 0:03:54]} Rc4 {[%emt 0:02:25]} 40. d5+ {[%emt 0:00:41]} Ke5 {[%emt 0:02:22]} 41. d6 {[%emt 0:01:26]} Rc8 {[%emt 0:00:04]} 42. d7 {[%emt 0:00:00]} Rd8 {[%emt 0:00:02]} 43. Ne4 {[%emt 0:00:07]} Bd5 {[%emt 0:01:08]} 44. Nc5 {[%emt 0:00:46]} g5 {[%emt 0:00:00]} 45. Nxa4 {[%emt 0:00:00]} 1-0